01590nam a2200373 a 4500001001000000003000500010005001700015008004100032010001100073011001100084040000900095090001000104100004100114245017700155260004100332500006000373502007900433590003700512590004000549590004000589650004200629650003400671650003900705650003300744650004500777856001600822856007000838901000700908942001000915942000600925999001900931952013100950952013501081000113883CHAP20220329144417.0171004s2017 mx a fsm |||||||spa d a110344 a111316 cCHAP aTesis1 aAlvarado Villarreal, Gabriel913361910aHuella hídrica y productividad del suelo, capital y trabajo en el cultivo de nogal (Carya illinoensis) en Nazas, Durango /h[En línea]cpor Gabriel Alvarado Villarreal. aChapingo, Méx. :bEl autor,c2017. aPara ver el contenido del material haga clic en la liga aTesis (Ing. Forestal Industrial)-- UACH. División de Ciencias Forestales aBATCHb00c20181121lUCH01h0758 aE8697GMMb05c20171004lUCH01h1010 aE8697GMMb05c20171004lUCH01h101414aAguaxAprovechamientoxDurango.9228814aNogalxAgua requerida.98154614aPecánxCultivozDurango.913361814aPecánxRendimiento.98650214aTrabajo y trabajadoresxDurango.9114520 a1 n0000264 aFinding aiduhttp://10.13.5.2/tesis/sist113883.pdfzTeclea aquí aBK cTESIS n0 c110344d110344 00104054718TESISaBCbBCd2017-10-04fTESISl0oTesisp113885-10r2019-12-31 00:00:00w2019-12-31yTESISzRecien adquirido 00102local4053708TESISaBCbBCcPA_TESISd2017-10-04fTESISl0oTesisp113885-20r2019-12-31 00:00:00tc.2w2019-12-31yTESIS